Tự học tiếng Anh (Lyuện nghe có băng cassette - song ngữ) = Learning English (A radio correspondence course for newcomers)

Đã lưu trong:
書目詳細資料
主要作者: Trình Tiến
格式: 圖書
語言:Undetermined
出版: 1993
主題:
標簽: 添加標簽
沒有標簽, 成為第一個標記此記錄!
Thư viện lưu trữ: Trung tâm Học liệu Trường Đại học Cần Thơ
LEADER 00543nam a2200157Ia 4500
001 CTU_27404
008 210402s9999 xx 000 0 und d
082 |a 428 
082 |b T306 
100 |a Trình Tiến 
245 0 |a Tự học tiếng Anh (Lyuện nghe có băng cassette - song ngữ) 
245 0 |b = Learning English (A radio correspondence course for newcomers) 
245 0 |c Trình Tiến 
260 |c 1993 
650 |a english language - study and teaching 
980 |a Trung tâm Học liệu Trường Đại học Cần Thơ